| 000 | 01109cab a2200229 4500 | ||
|---|---|---|---|
| 001 | WB3325-33 | ||
| 008 | 090401t1997 xxu||||| |||| 00| 0 eng d | ||
| 035 | _a(Sirsi) u79200 | ||
| 041 | _aeng | ||
| 245 | _aNotice to quit | ||
| 260 | _c1997 | ||
| 350 | _a0 | ||
| 490 |
_aEstates Gazette Case Summaries _v[1997] EGCS 89 (21/06/97) |
||
| 520 | _a"Dun & Bradstreet Software Services (England) Ltd and another v Provident Mutual Life Assurance Association and another" CA 9 June 1997. Lease containing break clause. First plaintiff become subsidiary of second plaintiff (X). Thereafter, X occupied the premises but no formal licence of assignment of leases executed. Plaintiffs then served notice under the break clause. P claimed notice invalid. Judge held notices were valid since X was general agent of D. P appealed. Appeal allowed. | ||
| 650 | _aBREAK CLAUSE | ||
| 650 | _aDUN & BRADSTREET SOFTWARE SERVICES AND ANOTHER V PROVIDENT MUTUAL LIUR | ||
| 650 | _aLEASES | ||
| 650 | _aNOTICE TO QUIT | ||
| 690 | _aLANDLORD AND TENANT-CASE LAW-BUSINESS TENANCIES | ||
| 942 | _n0 | ||
| 948 | _c25/06/1997 | ||
| 999 |
_c49790 _d49790 |
||